अनन्त आनन्द / (Record no. 208183)

MARC details
000 -LEADER
fixed length control field 00861nam a22001817a 4500
005 - DATE AND TIME OF LATEST TRANSACTION
control field 20250109103905.0
010 ## - LCCN (DPL NO)
LC control number HIN-129191
020 ## - INTERNATIONAL STANDARD BOOK NUMBER
International Standard Book Number 9789384741020
Terms of availability 300.00
035 ## - SYSTEM CONTROL NUMBER
System control number HN-101537
037 ## - SOURCE OF ACQUISITION
Source of stock number/acquisition DBAD
082 ## - DEWEY DECIMAL CLASSIFICATION NUMBER
Classification number 821
100 ## - MAIN ENTRY--PERSONAL NAME
Personal name भारद्वाज, कौशल्या
245 ## - TITLE STATEMENT
Title अनन्त आनन्द /
Statement of responsibility, etc कौशल्या भारद्वाज
260 ## - PUBLICATION, DISTRIBUTION, ETC. (IMPRINT)
Place of publication, distribution, etc नई दिल्ली
Name of publisher, distributor, etc भारद्वाज पब्लिशिंग हाउस
Date of publication, distribution, etc 2015
270 ## - ADDRESS
Address 40 ए, सुभाष पार्क एक्स्टेंशन 2, बिंदापुर - मटियाला रोड, उतम नगर
City नई दिल्ली
Postal code 110059
Telephone number 9211251479
300 ## - PHYSICAL DESCRIPTION
Extent 130पृ.
Dimensions 21सेमी (सजिल्द )
942 ## - ADDED ENTRY ELEMENTS (KOHA)
Source of classification or shelving scheme Dewey Decimal Classification
Item type Hindi Books
Classification part 821
Call number suffix भारद्वा
Holdings
Withdrawn status Lost status Not for loan Collection code Home library Current library Date acquired Source of acquisition Cost, normal purchase price Full call number Barcode Copy number Cost, replacement price Koha item type
      Non-fiction Sarojini Nagar Sarojini Nagar 08/01/2025 DBAD 300.00 821 भारद्वा HN-101537 1 300.00 Hindi Books

© Delhi Public Library
Hit Counter
free hit counter